[Event "Deutsche Ländermeisterschaft 2023"]
[Site "Hannover GER"]
[Date "2023.10.02"]
[Round "3"]
[White "Haug, Mara"]
[Black "Wartenberg, Alissa"]
[Result "1-0"]
[Termination "normal"]
[Board "5.6"]
[WhiteElo "1728"]
[BlackElo "1690"]
[WhiteClock "00:17:33"]
[BlackClock "00:07:26"]
[WhiteTeam "Baden"]
[BlackTeam "Hamburg"]
[PlyCount "109"]
[WhiteFideId "16259300"]
[BlackFideId "16280741"]
[EventCountry "GER"]
[EventRounds "7"]
[EventType "team-swiss"]
[EventDate "2023.09.30"]

1. e4 {[%clk 01:30:56]} {[%emt 00:00:03]} c5 {[%clk 01:30:58]} {[%emt
00:00:03]} 2. Nf3 {[%clk 01:31:16]} {[%emt 00:00:10]} e6 {[%clk 01:31:22]}
{[%emt 00:00:07]} 3. d4 {[%clk 01:31:41]} {[%emt 00:00:04]} cxd4 {[%clk
01:31:48]} {[%emt 00:00:05]} 4. Nxd4 {[%clk 01:31:59]} {[%emt 00:00:13]} Nf6
{[%clk 01:32:13]} {[%emt 00:00:05]} 5. Nc3 {[%clk 01:32:21]} {[%emt 00:00:08]}
Nc6 {[%clk 01:32:40]} {[%emt 00:00:03]} 6. Nxc6 {[%clk 01:32:43]} {[%emt
00:00:07]} bxc6 {[%clk 01:33:05]} {[%emt 00:00:06]} 7. e5 {[%clk 01:32:59]}
{[%emt 00:00:14]} Nd5 {[%clk 01:33:30]} {[%emt 00:00:05]} 8. Ne4 {[%clk
01:33:18]} {[%emt 00:00:10]} Qc7 {[%clk 01:33:56]} {[%emt 00:00:04]} 9. f4
{[%clk 01:33:37]} {[%emt 00:00:11]} Qb6 {[%clk 01:34:21]} {[%emt 00:00:06]} 10.
c4 {[%clk 01:33:58]} {[%emt 00:00:08]} Bb4+ {[%clk 01:32:13]} {[%emt 00:02:38]}
11. Ke2 {[%clk 01:34:17]} {[%emt 00:00:11]} Ba6 {[%clk 01:26:36]} {[%emt
00:06:08]} 12. Kf3 {[%clk 01:33:19]} {[%emt 00:01:27]} f5 {[%clk 01:13:43]}
{[%emt 00:13:23]} 13. Nf2 {[%clk 01:31:46]} {[%emt 00:02:02]} Ne7 {[%clk
01:10:47]} {[%emt 00:03:27]} 14. Be3 {[%clk 01:32:03]} {[%emt 00:00:12]} Bc5
{[%clk 01:05:36]} {[%emt 01:22:59]} 15. Bxc5 {[%clk 01:32:19]} Qxc5 {[%clk
01:05:59]} 16. Qd6 {[%clk 01:32:42]} Qb6 {[%clk 01:05:55]} 17. b3 {[%clk
01:32:29]} c5 {[%clk 00:58:51]} 18. Rd1 {[%clk 01:30:55]} Bb7+ {[%clk
00:54:19]} 19. Ke3 {[%clk 01:28:53]} Kf7 {[%clk 00:37:31]} 20. Qxb6 axb6 {[%clk
00:34:42]} 21. Rxd7 {[%clk 01:28:41]} Bc6 {[%clk 00:26:28]} 22. Rd2 {[%clk
01:28:55]} Ra3 {[%clk 00:26:12]} 23. Nd3 {[%clk 01:28:24]} Be4 {[%clk
00:23:44]} 24. Nc1 {[%clk 01:23:50]} Nc6 {[%clk 00:17:25]} {[%emt 00:00:01]}
25. Bd3 {[%clk 01:17:58]} Bxd3 {[%clk 00:17:25]} 26. Rxd3 {[%clk 01:17:58]} Nd4
{[%clk 00:07:53]} {[%emt 00:07:18]} 27. Rhd1 {[%clk 01:08:51]} {[%emt
00:08:44]} h6 {[%clk 00:05:39]} {[%emt 00:02:46]} 28. R1d2 {[%clk 00:56:44]}
{[%emt 00:12:36]} Rha8 {[%clk 00:05:16]} {[%emt 00:00:55]} 29. Kf2 {[%clk
00:48:05]} {[%emt 00:09:06]} R8a7 {[%clk 00:04:17]} {[%emt 00:01:33]} 30. h3
{[%clk 00:42:31]} {[%emt 00:06:03]} g5 {[%clk 00:02:24]} {[%emt 00:02:23]} 31.
Kg3 {[%clk 00:37:05]} {[%emt 00:05:52]} Kg6 {[%clk 00:01:47]} {[%emt 00:01:12]}
32. h4 {[%clk 00:22:48]} {[%emt 00:14:46]} g4 {[%clk 00:01:03]} {[%emt
00:01:14]} 33. Ne2 {[%clk 00:16:45]} {[%emt 00:06:32]} Nxe2+ {[%clk 00:00:52]}
{[%emt 00:00:42]} 34. Rxe2 {[%clk 00:17:14]} Rxa2 {[%clk 00:01:17]} {[%emt
00:00:07]} 35. Rxa2 {[%clk 00:17:34]} {[%emt 00:00:10]} Rxa2 {[%clk 00:01:45]}
{[%emt 00:00:02]} 36. Rd6 {[%clk 00:17:54]} {[%emt 00:00:09]} Kf7 {[%clk
00:01:13]} {[%emt 00:01:02]} 37. Rxb6 {[%clk 00:17:37]} {[%emt 00:00:47]} Ra7
{[%clk 00:01:03]} {[%emt 00:00:41]} 38. Rc6 {[%clk 00:09:22]} {[%emt 00:08:45]}
Rb7 {[%clk 00:01:10]} {[%emt 00:00:23]} 39. Rxc5 {[%clk 00:09:47]} {[%emt
00:00:04]} Rxb3+ {[%clk 00:01:35]} {[%emt 00:00:06]} 40. Kh2 {[%clk 00:09:49]}
{[%emt 00:00:27]} Rb7 {[%clk 00:01:32]} {[%emt 00:00:34]} 41. Rc8 {[%clk
00:08:47]} {[%emt 00:01:31]} Rb4 {[%clk 00:15:56]} {[%emt 00:16:07]} 42. h5
{[%clk 00:34:01]} {[%emt 00:05:16]} Ra4 {[%clk 00:12:02]} {[%emt 00:04:25]} 43.
Rc7+ {[%clk 00:30:34]} {[%emt 00:03:56]} Kf8 {[%clk 00:11:19]} {[%emt
00:01:13]} 44. Rh7 {[%clk 00:29:16]} {[%emt 00:01:48]} Rxc4 {[%clk 00:11:41]}
{[%emt 00:00:09]} 45. Rxh6 {[%clk 00:29:39]} {[%emt 00:00:07]} Rxf4 {[%clk
00:11:21]} {[%emt 00:00:51]} 46. Rxe6 {[%clk 00:29:50]} {[%emt 00:00:18]} Kg7
{[%clk 00:11:30]} {[%emt 00:00:21]} 47. Rf6 {[%clk 00:28:53]} {[%emt 00:01:26]}
Rf2 {[%clk 00:11:08]} {[%emt 00:00:53]} 48. h6+ {[%clk 00:26:39]} {[%emt
00:02:43]} Kh7 {[%clk 00:11:12]} {[%emt 00:00:26]} 49. Kg3 {[%clk 00:26:09]}
{[%emt 00:01:00]} Rc2 {[%clk 00:09:51]} {[%emt 00:01:52]} 50. e6 {[%clk
00:24:02]} {[%emt 00:02:36]} Re2 {[%clk 00:07:07]} {[%emt 00:03:15]} 51. Kf4
{[%clk 00:17:10]} {[%emt 00:07:22]} Rxg2 {[%clk 00:06:30]} {[%emt 00:01:07]}
52. Kg5 {[%clk 00:17:12]} {[%emt 00:00:27]} Re2 {[%clk 00:06:43]} {[%emt
00:00:18]} 53. Rf7+ {[%clk 00:17:14]} {[%emt 00:00:27]} Kg8 {[%clk 00:07:05]}
{[%emt 00:00:08]} 54. h7+ {[%clk 00:17:33]} {[%emt 00:00:11]} Kh8 {[%clk
00:07:26]} {[%emt 00:00:09]} 55. e7 {[%clk 00:17:33]} {[%emt 00:00:30]} 1-0

[Event "Deutsche Ländermeisterschaft 2023"]
[Site "Hannover GER"]
[Date "2023.10.02"]
[Round "3"]
[White "Grebita, Magnus"]
[Black "Kateryniuk, Ivan"]
[Result "0-1"]
[Termination "normal"]
[Board "5.7"]
[WhiteElo "1540"]
[BlackElo "1561"]
[WhiteClock "00:55:19"]
[BlackClock "00:25:49"]
[WhiteTeam "Hamburg"]
[BlackTeam "Baden"]
[PlyCount "64"]
[WhiteFideId "34608958"]
[BlackFideId "34138943"]
[EventCountry "GER"]
[EventRounds "7"]
[EventType "team-swiss"]
[EventDate "2023.09.30"]

1. e4 {[%clk 01:30:55]} {[%emt 00:00:03]} e5 {[%clk 01:30:57]} {[%emt
00:00:05]} 2. Nf3 {[%clk 01:31:15]} {[%emt 00:00:09]} Nf6 {[%clk 01:31:20]}
{[%emt 00:00:08]} 3. Nxe5 {[%clk 01:31:37]} {[%emt 00:00:08]} d6 {[%clk
01:31:45]} {[%emt 00:00:05]} 4. Nf3 {[%clk 01:31:56]} {[%emt 00:00:10]} Nxe4
{[%clk 01:32:10]} {[%emt 00:00:06]} 5. Nc3 {[%clk 01:32:16]} {[%emt 00:00:10]}
Nxc3 {[%clk 01:32:34]} {[%emt 00:00:06]} 6. dxc3 {[%clk 01:32:36]} {[%emt
00:00:09]} Be7 {[%clk 01:33:02]} {[%emt 00:00:03]} 7. Be3 {[%clk 01:32:55]}
{[%emt 00:00:11]} Nd7 {[%clk 01:33:18]} {[%emt 00:00:14]} 8. Qd2 {[%clk
01:33:15]} {[%emt 00:00:10]} Nf6 {[%clk 01:33:14]} {[%emt 00:00:35]} 9. O-O-O
{[%clk 01:32:55]} {[%emt 00:00:49]} O-O {[%clk 01:33:40]} {[%emt 00:00:04]} 10.
Bd3 {[%clk 01:32:27]} {[%emt 00:00:58]} Be6 {[%clk 01:34:02]} {[%emt 00:00:08]}
11. Kb1 {[%clk 01:32:47]} {[%emt 00:00:09]} c6 {[%clk 01:33:51]} {[%emt
00:00:41]} 12. h3 {[%clk 01:31:41]} {[%emt 00:01:37]} Qa5 {[%clk 01:34:05]}
{[%emt 00:00:15]} 13. c4 {[%clk 01:31:37]} {[%emt 00:00:33]} Qa6 {[%clk
01:26:11]} {[%emt 00:08:23]} 14. b3 {[%clk 01:25:45]} {[%emt 00:06:24]} b5
{[%clk 01:22:37]} {[%emt 00:04:03]} 15. cxb5 {[%clk 01:24:14]} {[%emt
00:02:02]} cxb5 {[%clk 01:22:24]} {[%emt 00:00:43]} 16. Nd4 {[%clk 01:22:59]}
{[%emt 00:01:44]} Bd7 {[%clk 01:22:10]} {[%emt 00:00:45]} 17. a4 {[%clk
01:22:29]} {[%emt 00:01:00]} Qb7 {[%clk 01:17:54]} {[%emt 01:21:45]} 18. Bxb5
{[%clk 01:21:40]} Ne4 {[%clk 01:12:41]} 19. Qd3 {[%clk 01:20:55]} Nc5 {[%clk
01:10:32]} 20. Qc4 {[%clk 01:18:42]} d5 {[%clk 01:07:11]} 21. Qe2 {[%clk
01:15:13]} Nxa4 {[%clk 01:03:14]} 22. Bxa4 Bxa4 {[%clk 01:03:38]} 23. Bh6
{[%clk 01:14:02]} Bf6 {[%clk 00:50:28]} 24. Qg4 {[%clk 01:10:11]} Rfb8 {[%clk
00:42:59]} 25. Bc1 {[%clk 01:02:30]} {[%emt 00:00:03]} a5 {[%clk 00:36:34]} 26.
Bb2 {[%clk 01:00:03]} g6 {[%clk 00:31:52]} {[%emt 00:00:24]} 27. Nb5 {[%clk
00:56:11]} {[%emt 00:04:21]} Qxb5 {[%clk 00:26:48]} {[%emt 00:05:34]} 28. Bxf6
{[%clk 00:56:07]} {[%emt 00:00:35]} Bxb3 {[%clk 00:26:30]} {[%emt 00:00:47]}
29. cxb3 {[%clk 00:56:32]} {[%emt 00:00:05]} Qxb3+ {[%clk 00:26:56]} {[%emt
00:00:04]} 30. Kc1 {[%clk 00:56:54]} {[%emt 00:00:08]} Re8 {[%clk 00:25:20]}
{[%emt 00:02:04]} 31. Rhe1 {[%clk 00:55:02]} {[%emt 00:02:22]} Rac8+ {[%clk
00:25:25]} {[%emt 00:00:26]} 32. Kd2 {[%clk 00:55:19]} {[%emt 00:00:13]} Qc2#
{[%clk 00:25:49]} {[%emt 00:00:06]} 0-1

[Event "Deutsche Ländermeisterschaft 2023"]
[Site "Hannover GER"]
[Date "2023.10.02"]
[Round "3"]
[White "Rafikova, Ailin"]
[Black "Fettan, Nua"]
[Result "1-0"]
[Termination "normal"]
[Board "5.8"]
[WhiteElo "1359"]
[BlackElo "1248"]
[WhiteClock "00:05:10"]
[BlackClock "00:47:19"]
[WhiteTeam "Baden"]
[BlackTeam "Hamburg"]
[PlyCount "101"]
[WhiteFideId "34612173"]
[BlackFideId "34637362"]
[EventCountry "GER"]
[EventRounds "7"]
[EventType "team-swiss"]
[EventDate "2023.09.30"]

1. e4 {[%clk 01:30:51]} {[%emt 00:00:08]} e5 {[%clk 01:30:55]} {[%emt
00:00:06]} 2. Nf3 {[%clk 01:31:07]} {[%emt 00:00:13]} Nc6 {[%clk 01:31:19]}
{[%emt 00:00:07]} 3. Bc4 {[%clk 01:31:13]} {[%emt 00:00:22]} Nf6 {[%clk
01:31:35]} {[%emt 00:00:16]} 4. d3 {[%clk 01:30:56]} {[%emt 00:00:45]} d5
{[%clk 01:31:53]} {[%emt 00:00:13]} 5. exd5 {[%clk 01:27:56]} {[%emt 00:03:29]}
Nxd5 {[%clk 01:32:13]} {[%emt 00:00:11]} 6. O-O {[%clk 01:25:37]} {[%emt
00:02:49]} Bc5 {[%clk 01:31:50]} {[%emt 00:00:53]} 7. Re1 {[%clk 01:24:33]}
{[%emt 00:01:34]} O-O {[%clk 01:30:43]} {[%emt 00:01:37]} 8. Bg5 {[%clk
01:14:47]} {[%emt 00:10:15]} f6 {[%clk 01:25:27]} {[%emt 00:05:46]} 9. Be3
{[%clk 01:12:10]} {[%emt 00:03:06]} Bb6 {[%clk 01:21:47]} {[%emt 01:22:46]} 10.
Bxb6 axb6 {[%clk 01:21:23]} 11. d4 {[%clk 01:00:51]} Kh8 {[%clk 01:18:56]} 12.
dxe5 {[%clk 00:57:15]} Ndb4 {[%clk 01:12:36]} 13. Qxd8 Rxd8 {[%clk 01:11:41]}
14. Bb3 {[%clk 00:41:56]} Nxe5 {[%clk 01:08:02]} 15. Nxe5 fxe5 {[%clk
01:08:11]} 16. a3 {[%clk 00:36:46]} Nc6 {[%emt 00:00:01]} 17. Nc3 {[%clk
00:34:44]} Bf5 {[%clk 01:02:16]} 18. Rad1 {[%clk 00:31:22]} h6 {[%clk
00:59:18]} 19. Nb5 {[%clk 00:28:54]} Rxd1 {[%clk 00:57:23]} 20. Rxd1 {[%clk
00:29:13]} Rc8 {[%clk 00:54:58]} {[%emt 00:02:09]} 21. h3 {[%clk 00:27:32]}
{[%emt 00:02:10]} Ne7 {[%clk 00:51:55]} {[%emt 00:03:34]} 22. g4 {[%clk
00:25:19]} {[%emt 00:02:43]} Bg6 {[%clk 00:46:03]} {[%emt 00:06:22]} 23. Rd7
{[%clk 00:22:54]} {[%emt 00:02:55]} Ng8 {[%clk 00:43:45]} {[%emt 00:02:49]} 24.
Rxc7 {[%clk 00:20:06]} {[%emt 00:03:19]} Rxc7 {[%clk 00:43:37]} {[%emt
00:00:38]} 25. Nxc7 {[%clk 00:20:25]} {[%emt 00:00:10]} Nf6 {[%clk 00:42:51]}
{[%emt 00:01:17]} 26. f3 {[%clk 00:18:23]} {[%emt 00:02:31]} Bh7 {[%clk
00:35:15]} {[%emt 00:08:06]} 27. Nb5 {[%clk 00:16:37]} {[%emt 00:02:15]} Nd7
{[%clk 00:33:38]} {[%emt 00:01:58]} 28. Nd6 {[%clk 00:14:51]} {[%emt 00:02:24]}
Nc5 {[%clk 00:31:28]} {[%emt 00:02:40]} 29. Nf7+ {[%clk 00:13:44]} {[%emt
00:01:36]} Kg8 {[%clk 00:31:44]} {[%emt 00:00:15]} 30. Nxe5+ {[%clk 00:12:45]}
{[%emt 00:01:28]} Nxb3 {[%clk 00:31:56]} {[%emt 00:00:20]} 31. cxb3 {[%clk
00:13:00]} {[%emt 00:00:14]} Bc2 {[%clk 00:31:52]} {[%emt 00:00:34]} 32. b4
{[%clk 00:12:53]} {[%emt 00:00:37]} b5 {[%clk 00:31:10]} {[%emt 00:01:13]} 33.
Kf2 {[%clk 00:11:53]} {[%emt 00:01:29]} Kf8 {[%clk 00:30:14]} {[%emt 00:01:26]}
34. Ke3 {[%clk 00:11:19]} {[%emt 00:01:04]} Ke7 {[%clk 00:30:15]} {[%emt
00:00:29]} 35. Kd4 {[%clk 00:10:35]} {[%emt 00:01:13]} Kd6 {[%clk 00:30:05]}
{[%emt 00:00:41]} 36. f4 {[%clk 00:08:38]} {[%emt 00:02:26]} Bb3 {[%clk
00:29:41]} {[%emt 00:00:55]} 37. h4 {[%clk 00:07:37]} {[%emt 00:01:30]} b6
{[%clk 00:28:25]} {[%emt 00:01:47]} 38. h5 {[%clk 00:05:38]} {[%emt 00:02:28]}
Bd1 {[%clk 00:27:50]} {[%emt 00:01:05]} 39. Ke4 {[%clk 00:04:35]} {[%emt
00:01:31]} Bc2+ {[%clk 00:27:49]} {[%emt 00:00:33]} 40. Kd4 {[%clk 00:04:38]}
{[%emt 00:00:26]} Bd1 {[%clk 00:28:10]} {[%emt 00:00:10]} 41. Ke4 {[%clk
00:17:18]} {[%emt 00:17:49]} Bc2+ {[%clk 00:58:16]} {[%emt 00:00:25]} 42. Nd3
{[%clk 00:15:44]} {[%emt 00:02:03]} Bxd3+ {[%clk 00:57:42]} {[%emt 00:01:04]}
43. Kxd3 {[%clk 00:14:55]} {[%emt 00:01:19]} Kd5 {[%clk 00:53:59]} {[%emt
00:04:14]} 44. b3 {[%clk 00:12:43]} {[%emt 00:02:41]} Kd6 {[%clk 00:51:43]}
{[%emt 00:02:47]} 45. Kd4 {[%clk 00:11:53]} {[%emt 00:01:20]} Ke6 {[%clk
00:50:30]} {[%emt 00:01:44]} 46. Ke4 {[%clk 00:10:37]} {[%emt 00:01:44]} Kd6
{[%clk 00:50:41]} {[%emt 00:00:21]} 47. Kf5 {[%clk 00:05:34]} {[%emt 00:05:32]}
Ke7 {[%clk 00:50:46]} {[%emt 00:00:25]} 48. Kg6 {[%clk 00:05:36]} {[%emt
00:00:27]} Kf8 {[%clk 00:50:59]} {[%emt 00:00:18]} 49. a4 {[%clk 00:04:38]}
{[%emt 00:01:27]} bxa4 {[%clk 00:49:32]} {[%emt 00:01:59]} 50. bxa4 {[%clk
00:04:58]} {[%emt 00:00:09]} Kg8 {[%clk 00:47:19]} {[%emt 00:02:43]} 51. a5
{[%clk 00:05:10]} {[%emt 00:00:18]} 1-0

[Event "Deutsche Ländermeisterschaft 2023"]
[Site "Hannover GER"]
[Date "2023.10.02"]
[Round "3"]
[White "Kallweit, Paul"]
[Black "Weishäutel, Moritz"]
[Result "1/2-1/2"]
[Termination "normal"]
[Board "6.1"]
[BlackTitle "FM"]
[WhiteElo "1900"]
[BlackElo "2403"]
[WhiteClock "00:16:42"]
[BlackClock "00:20:53"]
[WhiteTeam "Mecklenburg-Vorpommern"]
[BlackTeam "Thüringen"]
[PlyCount "98"]
[WhiteFideId "16228081"]
[BlackFideId "12967300"]
[EventCountry "GER"]
[EventRounds "7"]
[EventType "team-swiss"]
[EventDate "2023.09.30"]

1. d4 {[%clk 01:30:56]} {[%emt 00:00:03]} Nf6 {[%clk 01:30:55]} {[%emt
00:00:06]} 2. Bf4 {[%clk 01:31:18]} {[%emt 00:00:09]} c5 {[%clk 01:31:18]}
{[%emt 00:00:08]} 3. e3 {[%clk 01:31:41]} {[%emt 00:00:06]} Qb6 {[%clk
01:31:38]} {[%emt 00:00:10]} 4. Na3 {[%clk 01:30:50]} {[%emt 00:01:21]} d6
{[%clk 01:31:53]} {[%emt 00:00:16]} 5. c3 {[%clk 01:14:41]} {[%emt 00:16:39]}
Nd5 {[%clk 01:24:55]} {[%emt 00:07:28]} 6. Nc4 {[%clk 01:14:00]} {[%emt
00:01:11]} Qc7 {[%clk 01:25:15]} {[%emt 00:00:10]} 7. Bg3 {[%clk 01:11:01]}
{[%emt 00:03:29]} g6 {[%clk 01:22:02]} {[%emt 00:03:43]} 8. Nf3 {[%clk
01:08:44]} {[%emt 00:02:46]} Bg7 {[%clk 01:22:07]} {[%emt 00:00:25]} 9. e4
{[%clk 00:57:53]} {[%emt 00:11:21]} Nb6 {[%clk 01:21:16]} {[%emt 00:01:22]} 10.
Ne3 {[%clk 00:54:18]} {[%emt 00:04:03]} N8d7 {[%clk 01:15:52]} {[%emt
00:05:55]} 11. Bd3 {[%clk 00:50:52]} {[%emt 00:03:54]} O-O {[%clk 01:15:45]}
{[%emt 00:00:38]} 12. O-O {[%clk 00:49:21]} {[%emt 00:02:01]} e5 {[%clk
01:10:47]} {[%emt 00:05:28]} 13. Rc1 {[%clk 00:47:08]} {[%emt 00:02:42]} Re8
{[%clk 01:10:23]} {[%emt 00:00:54]} 14. a4 {[%clk 00:40:38]} {[%emt 00:07:00]}
Nf6 {[%clk 01:05:23]} {[%emt 00:05:30]} 15. Re1 {[%clk 00:22:44]} {[%emt
00:18:24]} a5 {[%clk 00:51:05]} {[%emt 00:14:48]} 16. dxe5 {[%clk 00:13:34]}
{[%emt 00:09:40]} dxe5 {[%clk 00:51:30]} {[%emt 00:00:05]} 17. c4 {[%clk
00:13:43]} {[%emt 00:00:22]} Bh6 {[%clk 00:42:43]} {[%emt 00:09:18]} 18. Nd5
{[%clk 00:06:03]} {[%emt 00:08:10]} Nfxd5 {[%clk 00:36:53]} {[%emt 00:06:20]}
19. exd5 {[%clk 00:06:24]} {[%emt 00:00:09]} Bxc1 {[%clk 00:37:15]} {[%emt
00:00:08]} 20. Rxe5 {[%clk 00:06:45]} {[%emt 00:00:08]} Rxe5 {[%clk 00:37:23]}
{[%emt 00:00:22]} 21. Bxe5 {[%clk 00:07:10]} {[%emt 00:00:05]} Qe7 {[%clk
00:36:43]} {[%emt 00:01:10]} 22. Qxc1 {[%clk 00:07:32]} {[%emt 00:00:07]} f6
{[%clk 00:36:55]} {[%emt 00:00:18]} 23. Bf4 {[%clk 00:03:37]} {[%emt 00:04:26]}
Bg4 {[%clk 00:36:20]} {[%emt 00:01:04]} 24. Nd2 {[%clk 00:02:08]} {[%emt
00:01:59]} Be2 {[%clk 00:32:48]} {[%emt 00:04:02]} 25. d6 {[%clk 00:01:36]}
{[%emt 00:01:03]} Qe6 {[%clk 00:32:36]} {[%emt 00:00:42]} 26. Be4 {[%clk
00:01:18]} {[%emt 00:00:48]} Nxc4 {[%clk 00:29:32]} {[%emt 00:03:35]} 27. Bxb7
{[%clk 00:01:35]} {[%emt 00:00:13]} Re8 {[%clk 00:25:35]} {[%emt 00:04:27]} 28.
Ne4 {[%clk 00:01:20]} {[%emt 00:00:45]} Nb6 {[%clk 00:21:33]} {[%emt 00:04:32]}
29. Qxc5 {[%clk 00:01:02]} {[%emt 00:00:48]} Nd7 {[%clk 00:19:50]} {[%emt
00:02:14]} 30. Qd4 {[%clk 00:00:47]} {[%emt 00:00:45]} Kg7 {[%clk 00:19:19]}
{[%emt 00:01:02]} 31. Bd5 {[%clk 00:00:45]} {[%emt 00:00:32]} Qf5 {[%clk
00:18:39]} {[%emt 00:01:10]} 32. Bg3 {[%clk 00:00:48]} {[%emt 00:00:27]} Rc8
{[%clk 00:17:40]} {[%emt 00:01:28]} 33. f3 {[%clk 00:00:35]} {[%emt 00:00:44]}
Rc1+ {[%clk 00:16:52]} {[%emt 00:01:18]} 34. Kf2 {[%clk 00:01:01]} {[%emt
00:00:04]} Rc2 {[%clk 00:17:16]} {[%emt 00:00:05]} 35. Ke3 {[%clk 00:00:55]}
{[%emt 00:00:35]} Bf1 {[%clk 00:12:35]} {[%emt 00:05:13]} 36. Nd2 {[%clk
00:00:38]} {[%emt 00:00:47]} Bxg2 {[%clk 00:12:27]} {[%emt 00:00:39]} 37. Be4
{[%clk 00:00:44]} {[%emt 00:00:24]} Qe6 {[%clk 00:12:53]} {[%emt 00:00:04]} 38.
Kf2 {[%clk 00:00:52]} {[%emt 00:00:22]} Bxf3 {[%clk 00:11:36]} {[%emt
00:01:46]} 39. Bxf3 {[%clk 00:00:42]} {[%emt 00:00:41]} Qb3 {[%clk 00:09:31]}
{[%emt 00:02:35]} 40. Be4 {[%clk 00:00:39]} {[%emt 00:00:33]} Rxb2 {[%clk
00:09:10]} {[%emt 00:00:51]} 41. Bc6 {[%clk 00:21:27]} {[%emt 00:09:42]} Rxd2+
{[%clk 00:36:41]} {[%emt 00:02:59]} 42. Qxd2 {[%clk 00:21:45]} {[%emt
00:00:12]} Qb6+ {[%clk 00:37:07]} {[%emt 00:00:04]} 43. Ke2 {[%clk 00:21:00]}
{[%emt 00:01:15]} Qxc6 {[%clk 00:37:31]} {[%emt 00:00:06]} 44. Qxa5 {[%clk
00:20:27]} {[%emt 00:01:03]} Qe4+ {[%clk 00:36:19]} {[%emt 00:01:42]} 45. Kd2
{[%clk 00:20:39]} {[%emt 00:00:17]} Qd4+ {[%clk 00:32:16]} {[%emt 00:04:33]}
46. Ke2 {[%clk 00:19:38]} {[%emt 00:01:30]} Nc5 {[%clk 00:29:06]} {[%emt
00:03:41]} 47. Qb5 {[%clk 00:16:16]} {[%emt 00:03:51]} Nxa4 {[%clk 00:20:26]}
{[%emt 00:09:11]} 48. Qd7+ {[%clk 00:16:28]} {[%emt 00:00:17]} Kh6 {[%clk
00:20:53]} {[%emt 00:00:04]} 49. Qh3+ {[%clk 00:16:42]} {[%emt 00:00:16]} Kg7
{[%emt 00:00:35]} 1/2-1/2

[Event "Deutsche Ländermeisterschaft 2023"]
[Site "Hannover GER"]
[Date "2023.10.02"]
[Round "3"]
[White "Müller, Magnus"]
[Black "Herrmann, Jakob"]
[Result "1-0"]
[Termination "normal"]
[Board "6.2"]
[WhiteElo "2180"]
[BlackElo "2071"]
[WhiteClock "00:42:44"]
[BlackClock "00:19:10"]
[WhiteTeam "Thüringen"]
[BlackTeam "Mecklenburg-Vorpommern"]
[PlyCount "51"]
[WhiteFideId "16230060"]
[BlackFideId "16287169"]
[EventCountry "GER"]
[EventRounds "7"]
[EventType "team-swiss"]
[EventDate "2023.09.30"]

1. e4 {[%clk 01:29:52]} {[%emt 00:01:07]} c5 {[%clk 01:30:30]} {[%emt
00:00:30]} 2. c3 {[%clk 01:29:50]} {[%emt 00:00:32]} d5 {[%clk 01:30:47]}
{[%emt 00:00:13]} 3. exd5 {[%clk 01:30:14]} {[%emt 00:00:06]} Qxd5 {[%clk
01:31:11]} {[%emt 00:00:05]} 4. d4 {[%clk 01:30:37]} {[%emt 00:00:07]} Nf6
{[%clk 01:31:29]} {[%emt 00:00:13]} 5. Nf3 {[%clk 01:30:47]} {[%emt 00:00:20]}
Bg4 {[%clk 01:31:35]} {[%emt 00:00:23]} 6. dxc5 {[%clk 01:31:09]} {[%emt
00:00:09]} Qxc5 {[%clk 01:28:47]} {[%emt 00:03:18]} 7. Be3 {[%clk 01:30:37]}
{[%emt 00:01:02]} Qd5 {[%clk 01:26:23]} {[%emt 00:02:54]} 8. Qa4+ {[%clk
01:25:10]} {[%emt 00:05:58]} Nc6 {[%clk 01:24:40]} {[%emt 00:02:13]} 9. Nbd2
{[%clk 01:22:11]} {[%emt 00:03:28]} g6 {[%clk 01:20:45]} {[%emt 00:04:25]} 10.
Bc4 {[%clk 01:19:34]} {[%emt 00:03:07]} Qd7 {[%clk 01:11:13]} {[%emt 00:10:02]}
11. Ng5 {[%clk 01:16:53]} {[%emt 00:03:11]} Ne5 {[%clk 01:02:26]} {[%emt
00:09:17]} 12. Bb5 {[%clk 01:16:53]} {[%emt 00:00:30]} Nc6 {[%clk 01:02:45]}
{[%emt 00:00:11]} 13. h3 {[%clk 01:11:22]} {[%emt 00:06:00]} Bf5 {[%clk
00:57:30]} {[%emt 00:05:45]} 14. O-O-O {[%clk 01:10:55]} {[%emt 00:00:57]} Bg7
{[%clk 00:54:13]} {[%emt 00:03:47]} 15. g4 {[%clk 01:02:21]} {[%emt 00:09:04]}
Be6 {[%clk 00:46:39]} {[%emt 00:08:03]} 16. Ndf3 {[%clk 00:55:57]} {[%emt
00:06:54]} Qc8 {[%clk 00:43:31]} {[%emt 00:03:38]} 17. Nxe6 {[%clk 00:50:03]}
{[%emt 00:06:25]} fxe6 {[%clk 00:43:45]} {[%emt 00:00:16]} 18. Nd4 {[%clk
00:49:09]} {[%emt 00:01:24]} O-O {[%clk 00:29:46]} {[%emt 00:14:29]} 19. Nxe6
{[%clk 00:48:34]} {[%emt 00:01:05]} a6 {[%clk 00:29:48]} {[%emt 00:00:28]} 20.
Bxc6 {[%clk 00:48:23]} {[%emt 00:00:40]} bxc6 {[%clk 00:27:56]} {[%emt
00:02:22]} 21. Nxf8 {[%clk 00:48:33]} {[%emt 00:00:21]} Kxf8 {[%clk 00:27:59]}
{[%emt 00:00:28]} 22. Bc5 {[%clk 00:45:24]} {[%emt 00:03:38]} Rb8 {[%clk
00:26:57]} {[%emt 00:01:32]} 23. Rhe1 {[%clk 00:43:29]} {[%emt 00:02:25]} Nd5
{[%clk 00:26:53]} {[%emt 00:00:34]} 24. Ba3 {[%clk 00:43:27]} {[%emt 00:00:32]}
Qc7 {[%clk 00:18:53]} {[%emt 00:08:30]} 25. Rxd5 {[%clk 00:42:44]} {[%emt
00:01:13]} cxd5 {[%clk 00:19:10]} {[%emt 00:00:13]} 26. Rxe7 {[%emt 00:00:48]}
1-0